NLSUI OPAC header image

Juvenile justice system in India (Record no. 31190)

MARC details
000 -LEADER
fixed length control field 00422nam a2200157Ia 4500
008 - FIXED-LENGTH DATA ELEMENTS--GENERAL INFORMATION
fixed length control field 160316s2011 xxu||||| |||| 00| 0 eng d
082 ## - DEWEY DECIMAL CLASSIFICATION NUMBER
Classification number 364.360000
Item number DWI
100 ## - MAIN ENTRY--PERSONAL NAME
Personal name Dwivedi Manish
245 ## - TITLE STATEMENT
Title Juvenile justice system in India
250 ## - EDITION STATEMENT
Edition statement
260 ## - PUBLICATION, DISTRIBUTION, ETC.
Place of publication, distribution, etc. New Delhi
Name of publisher, distributor, etc. Adhyan Publishers
Date of publication, distribution, etc. 2011
300 ## - PHYSICAL DESCRIPTION
Extent 445p
Other physical details
Dimensions v
365 ## - TRADE PRICE
Price amount Rs. 1,250
650 ## - SUBJECT ADDED ENTRY--TOPICAL TERM
Topical term or geographic name entry element 1. Juvenile Justice - Administration - India
700 ## - ADDED ENTRY--PERSONAL NAME
Personal name
--
Holdings
Withdrawn status Lost status Damaged status Not for loan Home library Current library Shelving location Date acquired Cost, normal purchase price Total Checkouts Full call number Barcode Date last seen Price effective from Koha item type
        . . NAB Compactor 30.05.2017 1250.00   364.36 DWI 28525 30.05.2017 30.05.2017 BOOKs